North American Countries by 2 Letter Abbreviation - Statistics

General Stats
  • This quiz has been taken 39 times
    36 since last reset
  • The average score is 20 of 23
Answer Stats
Abbreviation Country % Correct
AG Antigua and Barbuda
97%
BB Barbados
94%
BZ Belize
94%
CA Canada
94%
CU Cuba
94%
DM Dominica
94%
DO Dominican Republic
94%
GT Guatemala
94%
JM Jamaica
94%
MX Mexico
94%
US United States of America
94%
BS Bahamas
91%
HT Haiti
91%
HN Honduras
91%
NI Nicaragua
91%
PA Panama
88%
CR Costa Rica
85%
SV El Salvador
82%
KN St Kitts and Nevis
79%
VC St Vincent and the Grenadines
79%
GD Grenada
76%
LC St Lucia
76%
TT Trinidad and Tobago
76%
No matching quizzes found
Score Distribution
Percent of People with Each Score
Percentile by Number Answered
Your Score History
You have not taken this quiz since the last reset